Écho and Co (Record no. 13993)

MARC details
010 ## - Numéro international normalisé du livre (ISBN)
ISBN 9782957958146
Disponibilité et/ou prix 5 EUR
099 ## - Visibilité opac
notice masquée en opac Non
100 ## - Données générales de traitement
Données générales de traitement 20230130d2022 a y0frey50 ba
101 0# - Langue de la ressource
Langue du texte, de la bande son, etc. français
102 ## - Pays de publication ou de production
Pays de publication France
200 1# - Titre et mention de responsabilité
Titre propre Écho and Co
Indication générale du type de document Livre
214 #0 - Mentions de production, publication, diffusion et manufacture
Nom de l’éditeur la Maison théâtre
Date de publication impr. 2022
214 #3 - Mentions de production, publication, diffusion et manufacture
Nom de l’éditeur Ott impr.
215 ## - Description physique
Nombre de pages 1 vol. (25 p.)
225 ## - Collection
Titre de la collection Les cahiers théâtre
Numéro de collection n° 5
300 ## - Notes générales
Texte de la note Commande de la Maison théâtre dans le cadre du projet "Dans la cour de notre mythologie"
323 ## - Nombre de personnages
Texte de la note 8 personnages
330 ## - Résumé ou extrait
Texte de la note Pourquoi Écho pleure-t-elle à chaudes larmes ? Narcisse, dont tout le monde parle au lycée, serait-il la cause de son désespoir ? Face au mutisme de la jeune fille, ses ami·e·s se lancent dans une reconstitution rocambolesque. Combien de temps résisteront-ils à la tentation de ressembler au jeune homme qui embellit de jour en jour ? Jusqu’où seront-ils prêts à se métamorphoser pour se conformer à cet unique modèle de beauté ?<br/><br/>Sarah CARRÉ nous plonge dans un mythe de Narcisse modernisé, et nous interroge avec drôlerie sur les limites des transformations physiques auxquelles nous nous prêtons.
610 ## - Mot-clé
Mot-clé mythologie
-- jeunesse
-- adolescence
700 ## - Auteur principal
Nom Carré
Prénom Sarah
Dates 1975-....
105 ## - Zone de données codées : textes, monographies
Données codées sur les monographies textuelles ||||z 00|a|
181 #0 - Zone de données codées : Forme de la ressource
Données de liaison entre champs 01
Forme du contenu selon l’ISBD sous forme codée i
Qualificatif(s) du contenu selon l’ISBD sous forme codée xxxe
181 ## - Zone de données codées : Forme de la ressource
Données de liaison entre champs 02
Autre référentiel utilisé pour coder la forme du contenu texte
Code du référentiel rdacontent
182 #0 - Zone de données codées : type de média
Données de liaison entre champs 01
Type de médiation selon l’ISBD sous forme codée sans média
182 ## - Zone de données codées : type de média
Données de liaison entre champs 02
Autre référentiel utilisé pour coder le type de médiation sans média
Code du référentiel rdamedia
214 #0 - Mentions de production, publication, diffusion et manufacture
Lieu de publication, production, distribution/diffusion, fabrication Strasbourg
214 #3 - Mentions de production, publication, diffusion et manufacture
Lieu de publication, production, distribution/diffusion, fabrication 67-Wasselonne
215 ## - Description physique
Dimensions 21 cm
225 ## - Collection
Complément du titre 14-18 ans
321 ## - note sur les index, extraits et citations publiés séparément
Nom de la source La Revue des livres pour enfants
Numéro international normalisé 0398-8384
Localisation dans la source 330
333 ## - Note sur le public destinataire
Texte de la note À partir de 13 ans
410 #0 - Collection
Identifiant de la notice bibliographique liée 47252827
410 #0 - Collection
Titre de l'oeuvre Les Cahiers théâtre (Strasbourg)
ISSN 3039-5577
Numéro de volume 5
608 ## - Vedette de Forme, Genre ou Caractéristiques physiques
Élément d'entrée Théâtre
Code du format utilisé CNLJ
686 ## - Autres numéros de classification
Indice 802
Code du format utilisé Cadre de classement de la Bibliographie nationale française
700 ## - Auteur principal
Identifiant de la notice d'autorité 15606771
Identifiant international normalisé pour les noms ISNI0000000002733233
Code de fonction Auteur
801 #0 - Origine de la notice
Pays FR
Agence de catalogage FR-751131015
Date de la transaction 20230130
Règles de catalogage utilisées AFNOR
Identifiant d'origine FRBNF471773800000004
Code du format utilisé intermrc
856 #2 - Adresse électronique et mode d’accès
Uniform Resource Identifier 772903
Numéro d'accès Première de couverture
000 -Etiquette de la notice
Leader 02165cam a2200493 4500
003 - Identifiant de la notice
Identifiant http://catalogue.bnf.fr/ark:/12148/cb471773802
005 - Identifiant de la version
Identifiant 20260113152618.0
020 ## - Numéro de l'agence bibliographique nationale
Code de pays France
Indice 02335844
073 #0 - EAN
Numéro normalisé 9782957958146
Holdings
Exclu du prêt Date de création Site actuel Code barre Date prix de remplacement Cote Statut Site de rattachement Type de document Koha
  13.01.2026 Théâtre Joliette JOL 007694 13.01.2026 TH CAR 8   Théâtre Joliette Livre